00305nam a2200121Ia 4500008004100000082001600041100001300057245005200070250000800122260003700130300000800167650000800175191201s2007 xx 000 0 und d a658.87bKOM aKOSHY, A 0aMarketing Management: A South Asian Perspective a2nd aN.DelhibPearson Educationc2007 a118 aMBA